Los seis libros primeros de la Eneida de Publio Virgilio Marón, traducidos en prosa castellana por el maestro Frai Luis de León. (Record no. 8381)

MARC details
000 -CABECERA
campo de control de longitud fija 00837nam a2200217 a 4500
001 - NÚMERO DE CONTROL
campo de control BRCA_8729
005 - FECHA Y HORA DE LA ÚLTIMA TRANSACCIÓN
campo de control 20190320210400.0
008 - DATOS DE LONGITUD FIJA--INFORMACIÓN GENERAL
campo de control de longitud fija 170217s1777----sp-#######---#000-0#spa-#
041 ## - CÓDIGO DE LENGUA
Código de lengua del texto/banda sonora o título independiente spa
044 ## - CÓDIGO DEL PAÍS DE LA ENTIDAD EDITORA/PRODUCTORA
Código MARC del país sp
084 ## - OTRO NÚMERO DE CLASIFICACIÓN
Número de clasificación BE74
Número de documento/Ítem .V57 1777
100 1# - ENTRADA PRINCIPAL--NOMBRE DE PERSONA
Nombre de persona Virgilio Marón, Publio
Fechas asociadas al nombre 70 - 19 a.C.
9 (RLIN) 21729
245 10 - MENCIÓN DE TÍTULO
Título Los seis libros primeros de la Eneida de Publio Virgilio Marón, traducidos en prosa castellana por el maestro Frai Luis de León.
260 ## - PUBLICACIÓN, DISTRIBUCIÓN, ETC.
Lugar de publicación, distribución, etc. Valencia
Nombre del editor, distribuidor, etc. En la oficina de Josef I Thomas de Orga
Fecha de publicación, distribución, etc. 1777
300 ## - DESCRIPCIÓN FÍSICA
Extensión [1], 487 p.
Dimensiones 18 x 11 cm.
500 ## - NOTA GENERAL
Nota general Estado físico: presenta lomo semi desprendido, con cintas rotas y presencia del pez de plata
650 14 - PUNTO DE ACCESO ADICIONAL DE MATERIA--TÉRMINO DE MATERIA
Término de materia o nombre geográfico como elemento de entrada Poesía latina clásica
Subdivisión de forma Traducción al español
Subdivisión cronológica S. I a.C.
9 (RLIN) 21730
700 1# - PUNTO DE ACCESO ADICIONAL--NOMBRE DE PERSONA
Nombre de persona Luis de León, (O.S.A.)
Término indicativo de función/relación tr.
9 (RLIN) 21731
902 ## - CATALOGADOR
Iniciales CFM
942 ## - ELEMENTOS DE PUNTO DE ACCESO ADICIONAL (KOHA)
Fuente del sistema de clasificación o colocación Library of Congress Classification
Tipo de ítem Koha Libros
Holdings
Estado de retiro Estado de pérdida Estado dañado No para préstamo Localización permanente Ubicación/localización actual Fecha de adquisición Total de préstamos Signatura topográfica completa Código de barras Fecha visto por última vez Precio válido a partir de Tipo de ítem Koha
El ejemplar forma parte de la colección y puede ser consultado según las políticas vigentes.       Biblioteca del Museo Franz Mayer (Rogerio Casas-Alatriste) Biblioteca del Museo Franz Mayer (Rogerio Casas-Alatriste) 17/02/2017   BE74 .V57 1777 CFM00064 22/03/2019 22/03/2019 Libros